[Event "Menorca op 3rd"]
[Site "Ciutadella de Menorca"]
[Date "2024.04.03"]
[Round "3"]
[White "Malek, Jan"]
[Black "Stremavicius, Titas"]
[Result "1/2-1/2"]
[WhiteElo "2441"]
[BlackElo "2540"]
[PlyCount "81"]
[EventDate "2024.04.02"]
[EventType "swiss"]
[EventRounds "9"]
[EventCountry "ESP"]
[SourceTitle "CB15_2024"]
[SourceDate "2024.04.10"]
[SourceVersion "1"]
[SourceVersionDate "2024.04.10"]
[SourceQuality "1"]

1. e4 c5 2. Nf3 e6 3. d4 cxd4 4. Nxd4 Nf6 5. Nc3 Nc6 6. Nxc6 bxc6 7. e5 Nd5 8. Ne4 c5 9. Be2 Bb7 10. 0-0 Qc7 11. Nd6+ Bxd6 12. exd6 Qc6 13. f3 e5 14. c4 Nf4 15. Bxf4 exf4 16. Qd2 0-0 17. Qxf4 Rae8 18. Bd3 Re6 19. Rfd1 g6 20. Bf1 Qb6 21. h4 h5 22. Rd2 Rfe8 23. Kf2 Kg7 24. Kg1 Rf6 25. Qg3 Ree6 26. Rad1 a5 27. Bd3 Qxd6 28. Qxd6 Rxd6 29. Bf1 Rxd2 30. Rxd2 Bc6 31. Kf2 Re6 32. g3 Kf8 33. Bh3 Re8 34. f4 f5 35. Bf1 Rb8 36. Be2 Ke7 37. Ke3 Re8 38. Rd3 Rb8 39. Rd2 Re8 40. Rc2 Be4 41. Rd2 1/2-1/2

[Event "Kragero op"]
[Site "Kragero"]
[Date "2024.02.24"]
[Round "7"]
[White "Stremavicius, Titas"]
[Black "Abdrlauf, Elham"]
[Result "1/2-1/2"]
[WhiteElo "2534"]
[BlackElo "2567"]
[PlyCount "177"]
[EventDate "2024.02.21"]
[EventType "swiss"]
[EventRounds "9"]
[EventCountry "NOR"]
[SourceTitle "CB09_2024"]
[SourceDate "2024.02.28"]
[SourceVersion "1"]
[SourceVersionDate "2024.02.28"]
[SourceQuality "1"]

1. Nf3 d5 2. g3 c5 3. Bg2 Nf6 4. 0-0 e6 5. d4 cxd4 6. Nxd4 e5 7. Nb3 Be7 8. c4 dxc4 9. Qxd8+ Bxd8 10. N3d2 Nc6 11. Nxc4 Bc7 12. Bg5 Be6 13. Bxf6 gxf6 14. Nbd2 0-0-0 15. Rfc1 Kb8 16. Nb3 Nd4 17. Nxd4 Rxd4 18. b3 Rhd8 19. a4 f5 20. e3 R4d7 21. Bh3 h5 22. e4 fxe4 23. Bxe6 fxe6 24. Re1 Rd4 25. Kg2 a6 26. Ra2 b5 27. axb5 axb5 28. Na5 R8d6 29. b4 Rxb4 30. Rc1 Ra4 31. Rxa4 bxa4 32. Nc4 Rc6 33. Rb1+ Kc8 34. Rb4 Ra6 35. Rb2 Kd7 36. Kh3 a3 37. Ra2 Ra4 38. Ne3 Bd8 39. g4 hxg4+ 40. Kxg4 Ke8 41. Kg3 Be7 42. Kg2 Ra5 43. Kf1 Rb5 44. Nd1 Bc5 45. Ke2 Rb3 46. Rc2 Bd4 47. Rc8+ Kf7 48. Ra8 Rh3 49. Ne3 Bb2 50. Nc4 Rb3 51. Nd6+ Kg6 52. Nxe4 Bd4 53. Nd2 Rc3 54. Kd1 Rd3 55. Ke2 Rh3 56. Nf3 Bb2 57. Ke3 Rh7 58. Ke4 Kf6 59. h4 Rh5 60. Kd3 Kf5 61. Rf8+ Kg6 62. Rg8+ Kf5 63. Rf8+ Kg4 64. Ke4 Rf5 65. Rg8+ Kh5 66. Rh8+ Kg6 67. Rg8+ Kf6 68. Ra8 Rf4+ 69. Ke3 Rb4 70. Ke2 Re4+ 71. Kd3 Rf4 72. Ke2 e4 73. Nd2 Rxh4 74. Nc4 Rh1 75. Rf8+ Ke7 76. Ra8 Ra1 77. Kd2 Kf6 78. Ra5 e5 79. Ra6+ Kg5 80. Ra8 Kg6 81. Ra6+ Kg7 82. Ra4 Kh6 83. Ra5 Kg6 84. Ra6+ Kf7 85. Ke3 Bd4+ 86. Kxe4 a2 87. Ne3 Ke7 88. Nc2 Rf1 89. Nxd4 1/2-1/2

[Event "Kragero op"]
[Site "Kragero"]
[Date "2024.02.23"]
[Round "5"]
[White "Stremavicius, Titas"]
[Black "Elsness, Frode"]
[Result "1/2-1/2"]
[WhiteElo "2534"]
[BlackElo "2436"]
[PlyCount "27"]
[EventDate "2024.02.21"]
[EventType "swiss"]
[EventRounds "9"]
[EventCountry "NOR"]
[SourceTitle "CB09_2024"]
[SourceDate "2024.02.28"]
[SourceVersion "1"]
[SourceVersionDate "2024.02.28"]
[SourceQuality "1"]

1. Nf3 d5 2. g3 Nf6 3. Bg2 e6 4. 0-0 Be7 5. d4 0-0 6. c4 dxc4 7. Qc2 c6 8. Qxc4 b5 9. Qc2 Bb7 10. Bg5 Nbd7 11. Nbd2 c5 12. Bxf6 gxf6 13. dxc5 Nxc5 14. Nh4 1/2-1/2

[Event "Roquetas de Mar op 35th"]
[Site "Roquetas de Mar"]
[Date "2024.01.06"]
[Round "7"]
[White "Stremavicius, Titas"]
[Black "Suarez Uriel, Adrian"]
[Result "1-0"]
[WhiteElo "2543"]
[BlackElo "2365"]
[PlyCount "87"]
[EventDate "2024.01.02"]
[EventType "swiss"]
[EventRounds "9"]
[EventCountry "ESP"]
[SourceTitle "CB02_2024"]
[SourceDate "2024.01.10"]
[SourceVersion "1"]
[SourceVersionDate "2024.01.10"]
[SourceQuality "1"]

1. d4 Nf6 2. Nf3 g6 3. g3 Bg7 4. Bg2 0-0 5. 0-0 d5 6. c4 c6 7. b3 a5 8. Nc3 Ne4 9. Bb2 Bf5 10. e3 Nxc3 11. Bxc3 Be4 12. Qe2 Qb6 13. Bh3 Qa6 14. Ng5 Bf5 15. Bxf5 gxf5 16. Qh5 h6 17. Nf3 dxc4 18. Qxf5 b5 19. bxc4 b4 20. Bd2 Qxc4 21. Rfc1 Qd5 22. Qxd5 cxd5 23. a3 b3 24. Rc5 a4 25. Rxd5 Rc8 26. Kf1 e6 27. Rb5 Nd7 28. Ke2 Bf8 29. Kd3 Rcb8 30. Rxb8 Rxb8 31. Bc3 Nf6 32. Bb2 Ng4 33. Ke2 Rc8 34. Rc1 Rxc1 35. Bxc1 f5 36. Nd2 Nf6 37. Nc4 Ne4 38. Bb2 Nd6 39. Nxd6 Bxd6 40. Kd3 Bc7 41. Kc4 Ba5 42. Kb5 Be1 43. f3 Bf2 44. e4 1-0

[Event "Roquetas de Mar op 35th"]
[Site "Roquetas de Mar"]
[Date "2024.01.04"]
[Round "4"]
[White "Fiorito, Francisco"]
[Black "Stremavicius, Titas"]
[Result "1/2-1/2"]
[WhiteElo "2370"]
[BlackElo "2543"]
[PlyCount "56"]
[EventDate "2024.01.02"]
[EventType "swiss"]
[EventRounds "9"]
[EventCountry "ESP"]
[SourceTitle "CB02_2024"]
[SourceDate "2024.01.10"]
[SourceVersion "1"]
[SourceVersionDate "2024.01.10"]
[SourceQuality "1"]

1. Nf3 d5 2. b3 Nf6 3. Bb2 e6 4. e3 Nbd7 5. d4 b6 6. Bd3 Bb7 7. 0-0 Bd6 8. Nbd2 0-0 9. c4 Re8 10. Ne5 Ne4 11. Bxe4 dxe4 12. Nxd7 Qxd7 13. Qc2 f5 14. c5 Be7 15. Rfc1 Bd5 16. a4 Reb8 17. cxb6 cxb6 18. Nc4 Rc8 19. Qe2 Bf6 20. Rc3 Rc6 21. Rac1 Rac8 22. Qd2 R8c7 23. h3 Qc8 24. Nd6 Qd7 25. Nc4 Qc8 26. Nd6 Qd7 27. Nc4 Qc8 28. Nd6 Qd7 1/2-1/2

[Event "Groningen op 59th"]
[Site "Groningen"]
[Date "2023.12.24"]
[Round "4"]
[White "Stremavicius, Titas"]
[Black "Krasenkow, Michal"]
[Result "1-0"]
[WhiteElo "2550"]
[BlackElo "2532"]
[PlyCount "87"]
[EventDate "2023.12.21"]
[EventType "swiss"]
[EventRounds "9"]
[EventCountry "NED"]
[SourceTitle "CB04_2024"]
[SourceDate "2023.10.16"]
[SourceVersion "1"]
[SourceVersionDate "2023.10.16"]
[SourceQuality "1"]

1. Nf3 d5 2. g3 Bg4 3. Bg2 Nd7 4. d4 e6 5. c4 c6 6. h3 Bh5 7. 0-0 Ngf6 8. cxd5 cxd5 9. Qb3 Qb6 10. Qxb6 Nxb6 11. g4 Bg6 12. Ne5 Bd6 13. Nc3 Rc8 14. Bf4 Bb8 15. Rfc1 Ke7 16. b3 Nfd7 17. Nxg6+ hxg6 18. Bd2 f5 19. a4 Rc6 20. f3 Nf6 21. a5 Nbd7 22. g5 Nh5 23. e3 Ng3 24. Kf2 a6 25. Na2 Rhc8 26. Rxc6 Rxc6 27. Rc1 Rxc1 28. Nxc1 f4 29. e4 Nh5 30. exd5 exd5 31. h4 Ba7 32. Ne2 Ne5 33. Bh3 Nc6 34. Bc3 b6 35. axb6 Bxb6 36. Bg4 Kd6 37. Ke1 Ng3 38. Nxf4 Nxd4 39. Nxg6 Ndf5 40. Be5+ Kc6 41. h5 Be3 42. Bxg3 Nxg3 43. h6 gxh6 44. Ne5+ 1-0

[Event "Groningen op 59th"]
[Site "Groningen"]
[Date "2023.12.23"]
[Round "3"]
[White "Nagarkatte, Vedant"]
[Black "Stremavicius, Titas"]
[Result "0-1"]
[WhiteElo "2320"]
[BlackElo "2550"]
[PlyCount "126"]
[EventDate "2023.12.21"]
[EventType "swiss"]
[EventRounds "9"]
[EventCountry "NED"]
[SourceTitle "CB04_2024"]
[SourceDate "2023.10.16"]
[SourceVersion "1"]
[SourceVersionDate "2023.10.16"]
[SourceQuality "1"]

1. e4 c5 2. Nf3 Nc6 3. Bb5 g6 4. 0-0 Bg7 5. c3 Nf6 6. Re1 0-0 7. d4 cxd4 8. cxd4 d5 9. e5 Ne4 10. Nc3 Nxc3 11. bxc3 Na5 12. Bd3 Qc7 13. Bg5 f6 14. exf6 exf6 15. Bd2 Bd7 16. Rb1 a6 17. Qc1 Rfe8 18. Rxe8+ Bxe8 19. Bf4 Qc6 20. Qa3 Nc4 21. Qe7 b5 22. a4 Qd7 23. Qxd7 Bxd7 24. Bxc4 bxc4 25. a5 Bb5 26. Bd6 Re8 27. Kf1 Bh6 28. Re1 Rxe1+ 29. Nxe1 Bd2 30. Bb4 Bf4 31. Nc2 Kf7 32. g3 Bc7 33. Ke2 g5 34. Ne3 Ke6 35. h3 Be8 36. g4 Bg6 37. f3 h5 38. Kf2 Bd8 39. Ng2 Bc7 40. Ne3 Bb8 41. Bc5 Bf4 42. Bb4 Bc7 43. Kg2 f5 44. Kf2 fxg4 45. fxg4 h4 46. Kf1 Bd3+ 47. Kg1 Bf4 48. Kf2 Bg3+ 49. Kg2 Be1 50. Kg1 Be4 51. Kf1 Bg3 52. Kg1 Bf4 53. Kf2 Kd7 54. Nf5 Kc6 55. Ng7 Bg3+ 56. Kg1 Bd6 57. Bxd6 Kxd6 58. Ne8+ Kc6 59. Kf2 Bg6 60. Nf6 Kd6 61. Kf3 Ke6 62. Ng8 Bh7 63. Nh6 Kf6 0-1

[Event "London GM-A"]
[Site "London"]
[Date "2023.12.09"]
[Round "9"]
[White "Stremavicius, Titas"]
[Black "Wadsworth, Matthew J"]
[Result "1/2-1/2"]
[WhiteElo "2550"]
[BlackElo "2448"]
[PlyCount "158"]
[EventDate "2023.12.05"]
[EventType "tourn"]
[EventRounds "9"]
[EventCountry "ENG"]
[EventCategory "10"]
[SourceTitle "CB50_2023"]
[SourceDate "2023.12.13"]
[SourceVersion "1"]
[SourceVersionDate "2023.12.13"]
[SourceQuality "1"]

1. c4 e5 2. Nc3 Nf6 3. e3 Bb4 4. Qb3 Nc6 5. Nge2 0-0 6. a3 Bc5 7. d3 d6 8. g3 Bf5 9. Qc2 a5 10. Bg2 h6 11. b3 Qd7 12. h3 Bh7 13. Bb2 Nd8 14. Qd2 c6 15. d4 Ba7 16. d5 cxd5 17. cxd5 b5 18. b4 Rc8 19. 0-0 Rc4 20. Rfc1 Nb7 21. Nd1 Ne4 22. Qe1 f5 23. Rxc4 bxc4 24. Rc1 axb4 25. axb4 Qb5 26. Ndc3 Qxb4 27. Nxe4 Qxe1+ 28. Rxe1 fxe4 29. Ra1 Bb6 30. Ra6 Bc5 31. Ra4 Rb8 32. Bc3 Bb6 33. Rxc4 Nc5 34. Bb4 Ra8 35. g4 Ra1+ 36. Rc1 Rxc1+ 37. Nxc1 Nd3 38. Nxd3 exd3 39. Kf1 Bc5 40. Bc3 g5 41. Ke1 Kf7 42. Kd2 Ke7 43. f3 Bg6 44. e4 Be8 45. Bf1 Bd7 46. Bxd3 Be8 47. Be2 Ba4 48. Ba5 Bd4 49. Kc1 Kd7 50. Be1 Ke7 51. h4 Be3+ 52. Kb2 gxh4 53. Bxh4+ Bg5 54. Be1 Be3 55. Ka3 Be8 56. Kb4 Kd8 57. Bb5 Bg6 58. Kc4 h5 59. Bh4+ Kc7 60. Kd3 Bf4 61. Bf6 Bg3 62. Bg5 h4 63. Ke2 h3 64. Kf1 h2 65. Kg2 Bf7 66. Ba4 Bg6 67. Bd2 Kd8 68. Bb5 Bf7 69. Kh1 Bg6 70. Bg5+ Kc7 71. Be7 Bf7 72. Bf1 Kd7 73. Bf8 Kc7 74. Bh3 Bg6 75. g5 Bf4 76. Be7 Bh5 77. Bg4 Bg6 78. Kg2 Be8 79. Bf8 Bg6 1/2-1/2

[Event "London GM-A"]
[Site "London"]
[Date "2023.12.07"]
[Round "6"]
[White "Noe, Christopher"]
[Black "Stremavicius, Titas"]
[Result "1/2-1/2"]
[WhiteElo "2528"]
[BlackElo "2550"]
[PlyCount "22"]
[EventDate "2023.12.05"]
[EventType "tourn"]
[EventRounds "9"]
[EventCountry "ENG"]
[EventCategory "10"]
[SourceTitle "CB50_2023"]
[SourceDate "2023.12.13"]
[SourceVersion "1"]
[SourceVersionDate "2023.12.13"]
[SourceQuality "1"]

1. d4 d5 2. c4 e6 3. e3 Nf6 4. Nf3 c5 5. dxc5 Bxc5 6. Nc3 0-0 7. cxd5 exd5 8. Be2 Nc6 9. 0-0 a6 10. Qc2 Qe7 11. a3 d4 1/2-1/2

[Event "London GM-A"]
[Site "London"]
[Date "2023.12.06"]
[Round "3"]
[White "Stremavicius, Titas"]
[Black "Davtyan, Artur"]
[Result "1-0"]
[WhiteElo "2550"]
[BlackElo "2473"]
[PlyCount "133"]
[EventDate "2023.12.05"]
[EventType "tourn"]
[EventRounds "9"]
[EventCountry "ENG"]
[EventCategory "10"]
[SourceTitle "CB50_2023"]
[SourceDate "2023.12.13"]
[SourceVersion "1"]
[SourceVersionDate "2023.12.13"]
[SourceQuality "1"]

1. d4 d5 2. Nf3 c6 3. Bf4 Qb6 4. Qc1 Bf5 5. e3 Nd7 6. c4 e6 7. Nc3 h6 8. c5 Qd8 9. b4 Ngf6 10. h3 Be7 11. Be2 Ne4 12. 0-0 g5 13. Be5 Bf6 14. Nxe4 Bxe4 15. Bd6 h5 16. Ne5 Be7 17. f3 Bh7 18. b5 Nxe5 19. Bxe5 f6 20. Bg3 cxb5 21. Bxb5+ Kf7 22. Qb2 b6 23. c6 Bd6 24. Qf2 Rc8 25. Rac1 Kg7 26. h4 Bxg3 27. Qxg3 Qc7 28. Kf2 Qxg3+ 29. Kxg3 Rc7 30. a4 Kf7 31. hxg5 fxg5 32. e4 Rd8 33. e5 h4+ 34. Kf2 Bg6 35. Ke3 Kg7 36. Rf2 Rf8 37. a5 bxa5 38. Ba6 Rb8 39. Bb7 Rbxb7 40. cxb7 Rxb7 41. Ra2 Rb3+ 42. Kf2 g4 43. fxg4 Be4 44. Rc6 Rg3 45. Kf1 Kf7 46. Rf2+ Kg6 47. Rxe6+ Kg5 48. Re8 a4 49. Rf6 Rxg4 50. Rg8+ Kh5 51. Rh8+ Kg5 52. Rg8+ Kh5 53. Rxg4 Kxg4 54. e6 a3 55. Rf2 Bg6 56. e7 Kg5 57. Ke1 a5 58. Kd1 Kg4 59. Ra2 Kg3 60. Ke1 a4 61. Kf1 Be8 62. Rxa3+ Kf4 63. Rf3+ Ke4 64. Rf8 Bb5+ 65. Ke1 Kxd4 66. e8Q Bxe8 67. Rxe8 1-0

[Event "London GM-A"]
[Site "London"]
[Date "2023.12.05"]
[Round "2"]
[White "Girel, Joseph"]
[Black "Stremavicius, Titas"]
[Result "1-0"]
[WhiteElo "2495"]
[BlackElo "2550"]
[PlyCount "111"]
[EventDate "2023.12.05"]
[EventType "tourn"]
[EventRounds "9"]
[EventCountry "ENG"]
[EventCategory "10"]
[SourceTitle "CB50_2023"]
[SourceDate "2023.12.13"]
[SourceVersion "1"]
[SourceVersionDate "2023.12.13"]
[SourceQuality "1"]

1. e4 c5 2. Nf3 d6 3. d4 cxd4 4. Nxd4 Nf6 5. Nc3 Nc6 6. Bg5 Bd7 7. Qd2 a6 8. 0-0-0 e6 9. Kb1 Nxd4 10. Qxd4 Be7 11. f4 Bc6 12. f5 h6 13. Bh4 e5 14. Qe3 b5 15. Bxf6 Bxf6 16. Nd5 Bxd5 17. Rxd5 Qc7 18. Bd3 Ke7 19. h4 Qa7 20. Qd2 h5 21. c3 Qb6 22. g3 Rac8 23. Rd1 Kf8 24. Bc2 Be7 25. Bb3 Rh6 26. Qe2 Rc6 27. a3 Bd8 28. Rc1 Qb8 29. Qd3 Rf6 30. Ka2 Bb6 31. Rc2 Qc7 32. Rg2 Rh6 33. Qe2 Qe7 34. Rd3 Qf6 35. Qd1 Ke7 36. Rgd2 Bc5 37. Rc2 Rh8 38. Bd5 Rc7 39. Rg2 Bb6 40. Rgd2 Ba7 41. Kb1 Rh6 42. Ba2 Rc6 43. Qb3 Rc4 44. Re2 g6 45. Rf3 g5 46. hxg5 Qxg5 47. Qd1 Rc5 48. Bd5 Rc7 49. Re1 h4 50. gxh4 Qxh4 51. f6+ Ke8 52. Ref1 Rg6 53. Ka2 Rg2 54. Rh1 Rh2 55. Rxh2 Qxh2 56. Qf1 1-0

[Event "US Masters op"]
[Site "Charlotte"]
[Date "2023.11.25"]
[Round "6"]
[White "Stremavicius, Titas"]
[Black "Chasin, Nico Werner"]
[Result "1/2-1/2"]
[WhiteElo "2563"]
[BlackElo "2419"]
[PlyCount "38"]
[EventDate "2023.11.22"]
[EventType "swiss"]
[EventRounds "9"]
[EventCountry "USA"]
[SourceTitle "CB48_2023"]
[SourceDate "2023.11.29"]
[SourceVersion "1"]
[SourceVersionDate "2023.11.29"]
[SourceQuality "1"]

1. Nf3 d5 2. g3 Nf6 3. Bg2 e6 4. 0-0 Be7 5. d4 0-0 6. c4 dxc4 7. Qc2 a6 8. a4 Bd7 9. Rd1 Bc6 10. Nc3 Bb4 11. Bg5 Nbd7 12. d5 exd5 13. Nxd5 Be7 14. Bxf6 Bxf6 15. Nb4 Bxf3 16. Bxf3 c6 17. Qf5 Qb6 18. Nxc6 bxc6 19. Rxd7 Rad8 1/2-1/2

[Event "Charlotte CCCSA Fall GM-B"]
[Site "Charlotte"]
[Date "2023.11.21"]
[Round "9"]
[White "Stremavicius, Titas"]
[Black "Griffith, Kyron"]
[Result "1-0"]
[WhiteElo "2563"]
[BlackElo "2358"]
[PlyCount "83"]
[EventDate "2023.11.17"]
[EventType "tourn"]
[EventRounds "9"]
[EventCountry "USA"]
[EventCategory "8"]
[SourceTitle "CB48_2023"]
[SourceDate "2023.11.29"]
[SourceVersion "1"]
[SourceVersionDate "2023.11.29"]
[SourceQuality "1"]

1. c4 Nf6 2. Nc3 c5 3. Nf3 e6 4. e3 d5 5. cxd5 Nxd5 6. Nxd5 Qxd5 7. b3 Be7 8. Bb2 0-0 9. Qb1 Rd8 10. Bc4 Qd6 11. 0-0 Nc6 12. Rd1 b6 13. Qe4 Bb7 14. Qg4 e5 15. h4 Bf6 16. Ng5 Bxg5 17. Qxg5 Qg6 18. Bc3 Rd6 19. Rf1 h6 20. Qxg6 Rxg6 21. f3 Re8 22. Kh2 h5 23. g4 Bc8 24. gxh5 Rh6 25. f4 Rxh5 26. Kg3 exf4+ 27. Rxf4 Be6 28. Bb5 Bd7 29. Rg1 Ne5 30. Be2 Rh6 31. h5 Re7 32. Kf2 f5 33. Rg5 Ng4+ 34. Bxg4 fxg4 35. b4 Rc6 36. Kg3 Bc8 37. Rd5 Re8 38. bxc5 bxc5 39. Rc4 Rf8 40. Rdxc5 Rf3+ 41. Kh4 g3 42. Rxc6 1-0

[Event "Charlotte CCCSA Fall GM-B"]
[Site "Charlotte"]
[Date "2023.11.20"]
[Round "8"]
[White "Shmeliov, Denis"]
[Black "Stremavicius, Titas"]
[Result "1/2-1/2"]
[WhiteElo "2397"]
[BlackElo "2563"]
[PlyCount "39"]
[EventDate "2023.11.17"]
[EventType "tourn"]
[EventRounds "9"]
[EventCountry "USA"]
[EventCategory "8"]
[SourceTitle "CB48_2023"]
[SourceDate "2023.11.29"]
[SourceVersion "1"]
[SourceVersionDate "2023.11.29"]
[SourceQuality "1"]

1. e4 c5 2. Nf3 Nc6 3. d4 cxd4 4. Nxd4 Nf6 5. Nc3 d6 6. Bg5 Bd7 7. Qd2 a6 8. 0-0-0 e6 9. Kb1 Be7 10. f3 Nxd4 11. Qxd4 Qc7 12. Qd2 b5 13. g4 h5 14. gxh5 Nxh5 15. h4 b4 16. Ne2 a5 17. c3 Rb8 18. cxb4 axb4 19. Nc1 e5 20. Rh2 1/2-1/2

[Event "Charlotte CCCSA Fall GM-B"]
[Site "Charlotte"]
[Date "2023.11.17"]
[Round "2"]
[White "Stremavicius, Titas"]
[Black "Wang, Tianqi"]
[Result "1-0"]
[WhiteElo "2563"]
[BlackElo "2350"]
[PlyCount "81"]
[EventDate "2023.11.17"]
[EventType "tourn"]
[EventRounds "9"]
[EventCountry "USA"]
[EventCategory "8"]
[SourceTitle "CB48_2023"]
[SourceDate "2023.11.29"]
[SourceVersion "1"]
[SourceVersionDate "2023.11.29"]
[SourceQuality "1"]

1. c4 e6 2. Nc3 c5 3. Nf3 a6 4. e4 Qc7 5. Be2 Nc6 6. d4 cxd4 7. Nxd4 Nf6 8. Nxc6 dxc6 9. Be3 e5 10. a3 Be6 11. h3 Be7 12. c5 0-0 13. b4 a5 14. 0-0 Nd7 15. Nd5 Qd8 16. Nxe7+ Qxe7 17. Qc2 a4 18. Qc3 Rfd8 19. Bd1 f6 20. Bc2 Nf8 21. Rfd1 Rxd1+ 22. Rxd1 Bf7 23. Rd6 Ne6 24. Qd2 Be8 25. Qd1 Nc7 26. Bxa4 Kh8 27. Rd3 Nb5 28. Bc1 h6 29. Bb2 Kh7 30. Bc2 Nc7 31. Qd2 Ne6 32. Rd6 Kh8 33. Kh2 Nf8 34. a4 Rc8 35. Qd3 Ne6 36. Qd1 Ra8 37. Bb3 Nf8 38. Bc1 Bf7 39. Bc2 Bc4 40. Be3 Ne6 41. Rd7 1-0

[Event "New York 1000 GM Fall GM-A"]
[Site "New York"]
[Date "2023.11.10"]
[Round "4"]
[White "Stremavicius, Titas"]
[Black "Kaliksteyn, Alexander"]
[Result "1-0"]
[WhiteElo "2563"]
[BlackElo "2375"]
[PlyCount "73"]
[EventDate "2023.11.08"]
[EventType "schev"]
[EventRounds "9"]
[EventCountry "USA"]
[SourceTitle "CB46_2023"]
[SourceDate "2023.11.15"]
[SourceVersion "1"]
[SourceVersionDate "2023.11.15"]
[SourceQuality "1"]
[WhiteTeam "Team2"]
[BlackTeam "Team1"]
[WhiteTeamCountry "USA"]
[BlackTeamCountry "USA"]

1. Nf3 d5 2. g3 c5 3. Bg2 Nc6 4. d4 e6 5. 0-0 Nf6 6. c4 dxc4 7. Ne5 Bd7 8. Nxc4 cxd4 9. Bf4 Be7 10. Nd6+ Kf8 11. Nxb7 Qb6 12. Nd6 Qc5 13. b4 Qxb4 14. a3 Qc5 15. Nd2 e5 16. N2e4 Nxe4 17. Nxe4 Qb6 18. Rb1 Qd8 19. Bd2 f5 20. f4 fxe4 21. fxe5+ Ke8 22. Qc2 Rc8 23. Qxe4 Be6 24. Rb7 Nb8 25. Bf3 g6 26. Bg4 Bxg4 27. Qxg4 Nd7 28. Ba5 Nb6 29. Qe6 Rc7 30. Bxb6 axb6 31. Rxb6 Qc8 32. Qb3 Rc3 33. Qf7+ Kd8 34. Qd5+ Ke8 35. e6 Rc5 36. Qb3 Bd8 37. Qa4+ 1-0

[Event "New York 1000 GM Fall GM-A"]
[Site "New York"]
[Date "2023.11.08"]
[Round "1"]
[White "Schmakel, Sam A"]
[Black "Stremavicius, Titas"]
[Result "1/2-1/2"]
[WhiteElo "2451"]
[BlackElo "2563"]
[PlyCount "34"]
[EventDate "2023.11.08"]
[EventType "schev"]
[EventRounds "9"]
[EventCountry "USA"]
[SourceTitle "CB46_2023"]
[SourceDate "2023.11.15"]
[SourceVersion "1"]
[SourceVersionDate "2023.11.15"]
[SourceQuality "1"]
[WhiteTeam "Team1"]
[BlackTeam "Team2"]
[WhiteTeamCountry "USA"]
[BlackTeamCountry "USA"]

1. e4 c5 2. Nf3 e6 3. d4 cxd4 4. Nxd4 Nf6 5. Nc3 Nc6 6. Nxc6 bxc6 7. e5 Nd5 8. Ne4 Qc7 9. f4 f5 10. exf6 gxf6 11. Bd2 Be7 12. Qh5+ Kd8 13. 0-0-0 f5 14. Ng5 Qb6 15. Bc3 Qe3+ 16. Bd2 Qb6 17. Bc3 Qe3+ 1/2-1/2

[Event "Maia op 7th"]
[Site "Maia"]
[Date "2023.09.02"]
[Round "9"]
[White "Halkias, Stelios"]
[Black "Stremavicius, Titas"]
[Result "1/2-1/2"]
[WhiteElo "2506"]
[BlackElo "2534"]
[PlyCount "58"]
[EventDate "2023.08.25"]
[EventType "swiss"]
[EventRounds "9"]
[EventCountry "POR"]
[SourceTitle "EXT 2024"]
[Source "ChessBase"]
[SourceDate "2023.10.10"]
[SourceVersion "1"]
[SourceVersionDate "2023.10.10"]
[SourceQuality "1"]

1. Nf3 d5 2. d4 Nf6 3. c4 e6 4. g3 Bb4+ 5. Bd2 a5 6. Bg2 0-0 7. Qc2 c5 8. 0-0 Nc6 9. Bc3 Bxc3 10. bxc3 dxc4 11. Nbd2 cxd4 12. Nxd4 Nxd4 13. cxd4 Qxd4 14. Rfd1 c3 15. Ne4 Qe5 16. Qxc3 Qxc3 17. Nxc3 Bd7 18. Bxb7 Rab8 19. Rab1 Rfd8 20. f3 Kf8 21. Kf2 Ke7 22. Ba6 Rxb1 23. Rxb1 Ra8 24. Bd3 Rc8 25. Ne4 Nxe4+ 26. Bxe4 g6 27. Rb7 Rc5 28. Ke3 e5 29. g4 Kd6 1/2-1/2

[Event "Maia op 7th"]
[Site "Maia"]
[Date "2023.09.01"]
[Round "8"]
[White "Stremavicius, Titas"]
[Black "Postny, Evgeny"]
[Result "1/2-1/2"]
[WhiteElo "2534"]
[BlackElo "2570"]
[PlyCount "60"]
[EventDate "2023.08.25"]
[EventType "swiss"]
[EventRounds "9"]
[EventCountry "POR"]
[SourceTitle "EXT 2024"]
[Source "ChessBase"]
[SourceDate "2023.10.10"]
[SourceVersion "1"]
[SourceVersionDate "2023.10.10"]
[SourceQuality "1"]

1. d4 Nf6 2. Nf3 d5 3. g3 c5 4. Bg2 cxd4 5. 0-0 e6 6. Nxd4 e5 7. Nb3 Be6 8. c4 Nc6 9. cxd5 Nxd5 10. N1d2 Nf6 11. Ne4 Nxe4 12. Bxe4 Be7 13. Be3 0-0 14. Nc5 Bxc5 15. Bxc5 Qxd1 16. Rfxd1 Rfd8 17. a4 Bb3 18. Rxd8+ Rxd8 19. Bxc6 bxc6 20. Bxa7 Rd1+ 21. Rxd1 Bxd1 22. Bb8 e4 23. f3 exf3 24. exf3 Bxa4 25. Kf2 f6 26. Ke3 Kf7 27. Bd6 Ke6 28. Bf8 g6 29. Bb4 Bb5 30. Bc3 h5 1/2-1/2

[Event "Maia op 7th"]
[Site "Maia"]
[Date "2023.08.28"]
[Round "4"]
[White "Stremavicius, Titas"]
[Black "Sousa, Andre Ventura"]
[Result "1/2-1/2"]
[WhiteElo "2534"]
[BlackElo "2445"]
[PlyCount "78"]
[EventDate "2023.08.25"]
[EventType "swiss"]
[EventRounds "9"]
[EventCountry "POR"]
[SourceTitle "EXT 2024"]
[Source "ChessBase"]
[SourceDate "2023.10.10"]
[SourceVersion "1"]
[SourceVersionDate "2023.10.10"]
[SourceQuality "1"]

1. d4 Nf6 2. Nf3 e6 3. g3 d5 4. Bg2 c5 5. 0-0 Nc6 6. c4 dxc4 7. Ne5 Bd7 8. Na3 cxd4 9. Naxc4 Be7 10. Bf4 Rc8 11. Nxd7 Qxd7 12. Ne5 Nxe5 13. Bxe5 Qb5 14. Qxd4 0-0 15. Bf3 Rfd8 16. a4 Qa5 17. Qf4 Nd5 18. Qe4 f5 19. Qb1 Ne3 20. Bc3 Rxc3 21. bxc3 Nxf1 22. Qxb7 Bf6 23. Rxf1 Qxa4 24. Rb1 Bxc3 25. Qc7 Rd1+ 26. Rxd1 Qxd1+ 27. Kg2 Bf6 28. e4 Qd8 29. Qc4 fxe4 30. Qxe6+ Kh8 31. Bxe4 g6 32. h4 Qe7 33. Qd5 Kg7 34. h5 Qe5 35. Qd7+ Kh6 36. Qd2+ Qg5 37. Qd6 Qe5 38. Qd2+ Qg5 39. Qd6 Qe5 1/2-1/2

[Event "Maia op 7th"]
[Site "Maia"]
[Date "2023.08.25"]
[Round "1"]
[White "Ferreira, Hugo Miguel da Cost"]
[Black "Stremavicius, Titas"]
[Result "0-1"]
[WhiteElo "2098"]
[BlackElo "2534"]
[PlyCount "96"]
[EventDate "2023.08.25"]
[EventType "swiss"]
[EventRounds "9"]
[EventCountry "POR"]
[SourceTitle "EXT 2024"]
[Source "ChessBase"]
[SourceDate "2023.10.10"]
[SourceVersion "1"]
[SourceVersionDate "2023.10.10"]
[SourceQuality "1"]

1. d4 Nf6 2. Nf3 d5 3. c4 e6 4. Nc3 Nbd7 5. cxd5 exd5 6. Bg5 h6 7. Bf4 c6 8. h3 Ne4 9. Nxe4 dxe4 10. Nd2 Nf6 11. e3 Bd6 12. Be5 0-0 13. Bxf6 Qxf6 14. Nxe4 Bb4+ 15. Nc3 c5 16. Be2 Rd8 17. 0-0 cxd4 18. exd4 Rxd4 19. Qc1 Be6 20. a3 Bd6 21. Nb5 Bf4 22. Qc3 Rd2 23. Bf3 Qe5 24. a4 Bd5 25. Bxd5 Qxd5 26. Qb4 Be5 27. Rab1 a5 28. Qg4 h5 29. Qh4 Bf6 30. Qg3 Rc8 31. b3 Rd3 32. Qf4 Be5 33. Qh4 Rc2 34. Rbe1 Bf6 35. Qf4 Rxb3 36. Nc7 Qg5 37. Re8+ Kh7 38. Qe4+ Qg6 39. Nb5 Qxe4 40. Rxe4 Rb4 41. Rxb4 axb4 42. Rb1 Bb2 43. Kf1 b6 44. Nd6 b3 45. g4 hxg4 46. hxg4 Be5 47. Nb5 b2 48. Kg2 Rc4 0-1